LEADER 01068nam--2200349---450- 001 990005906230203316 005 20131108094835.0 010 $a88-8232-325-0 035 $a000590623 035 $aUSA01000590623 035 $a(ALEPH)000590623USA01 035 $a000590623 100 $a20131108d2004----km-y0itay50------ba 101 0 $aita 102 $aIT 105 $aa|||||||001yy 200 1 $aBambini in ospedale$eriflessioni pedagogiche e prospettive educative$fNatascia Bobbo 210 $aLecce$cPensa multimedia$d2004 215 $a350, [26] p.$cill.$d24 cm 225 2 $aScuola lavoro e professioni$v3 410 0$12001$aScuola lavoro e professioni$v3 606 0 $aBambini malati$xDegenza ospedaliera$xPsicologia$2BNCF 676 $a362.19892 700 1$aBOBBO,$bNatascia$0618104 801 0$aIT$bsalbc$gISBD 912 $a990005906230203316 951 $aII.4. 4151$b242087 L.M.$cII.4.$d00344316 959 $aBK 969 $aUMA 979 $aANNAMARIA$b90$c20131108$lUSA01$h0948 996 $aBambini in ospedale$91074728 997 $aUNISA LEADER 00822nam 2200289 450 001 9910748500903321 005 20231102113418.0 010 $a978-3-030-43879-1 100 $a20231102d2020----u y0engy50 ba 101 0 $aeng 102 $aCH 105 0 $a 001yy 200 1 $aFundamentals of power electronics$fRobert W. Erickson, Dragan Maksimovi? 205 $a3rd ed. 210 $aCham$cSpringer$d2020 215 $axix, 1084 p .$d29 cm 610 0 $aElettronica di potenza 676 $a621.381 21 700 1$aErickson,$bRobert W$0555129 701 1$aMaksimovi?,$bDragan$0495858 801 2$aIT$bUNINA$gRICA$2UNIMARC 901 $aBK 912 $a9910748500903321 952 $a10 E I 448$bRDO10/2023$fDINEL 959 $aDINEL 996 $aFundamentals of power electronics$9983126 997 $aUNINA